Skip to main content
Your cart is empty.
Your lists
Log in to create your own lists
Your cookies
العربية
English
العربية
Home
Search
Advanced search
Authority search
About
The noble scholar, jurist, historian
His Excellency Dr. Abdul Wahhab bin Ibrahim Abu Sulaiman, may Allah have mercy on him.
He was born in Umm Al-Qura in the year 1356 AH.
Library catalog
Title
Author
Subject
ISBN
ISSN
Series
Call number
Log in to your account
×
Login:
Password:
Home
MARC view: التحصيل من المحصول /
Normal view
MARC view
ISBD view
التحصيل من المحصول / (Record no. 9227)
[
view plain
]
MARC details
000 -LEADER
fixed length control field
01779cam a22003491ia4500
003 - CONTROL NUMBER IDENTIFIER
control field
SA-RiAUC
005 - DATE AND TIME OF LATEST TRANSACTION
control field
20250627131100.0
008 - FIXED-LENGTH DATA ELEMENTS--GENERAL INFORMATION
fixed length control field
241231s1988 le f b 00000 ara c
040 ## - CATALOGING SOURCE
Original cataloging agency
SA-RiAUC
Language of cataloging
ara
Transcribing agency
SA-RiAUC
Description conventions
rda
050 #4 - LIBRARY OF CONGRESS CALL NUMBER
Item number
A38 1988
082 04 - DEWEY DECIMAL CLASSIFICATION NUMBER
Classification number
251
Assigning agency
SA-RiAUC
090 ## - LOCALLY ASSIGNED LC-TYPE CALL NUMBER (OCLC); LOCAL CALL NUMBER (RLIN)
Classification number (OCLC) (R) ; Classification number, CALL (RLIN) (NR)
251
Local cutter number (OCLC) ; Book number/undivided call number, CALL (RLIN)
س ر ا
100 1# - MAIN ENTRY--PERSONAL NAME
Personal name
السراج الأرموي، محمود بن أبي بكر بن أحمد،
Dates associated with a name
594-682 هجري
Relator term
مؤلف.
245 12 - TITLE STATEMENT
Title
التحصيل من المحصول /
Statement of responsibility, etc.
تأليف سراج الدين محمود بن أبي بكر الأرموي ؛ دراسة وتحقيق عبد الحميد علي أبو زنيد.
250 ## - EDITION STATEMENT
Edition statement
الطبعة الثانية.
264 #1 - PRODUCTION, PUBLICATION, DISTRIBUTION, MANUFACTURE, AND COPYRIGHT NOTICE
Place of production, publication, distribution, manufacture
دمشق :
Name of producer, publisher, distributor, manufacturer
دارالرسالة العالمية،
Date of production, publication, distribution, manufacture, or copyright notice
2001
300 ## - PHYSICAL DESCRIPTION
Extent
2 مجلد ؛
Dimensions
25 سم
336 ## - CONTENT TYPE
Content type term
نص
Content type code
txt
Source
rdacontent
Materials specified
كتاب
337 ## - MEDIA TYPE
Media type term
بدون وسيط
Media type code
n
Source
rdamedia
338 ## - CARRIER TYPE
Carrier type term
مجلد
Carrier type code
nc
Source
rdacarrier
500 ## - GENERAL NOTE
General note
الأصل أطروحة دكتوراه، 1978.
500 ## - GENERAL NOTE
General note
المكتبة يتوافر بها : مجلد 1.
500 ## - GENERAL NOTE
General note
يشتمل على كشافات.
504 ## - BIBLIOGRAPHY, ETC. NOTE
Bibliography, etc. note
ببليوجرافية : صفحة 380-398.
504 ## - BIBLIOGRAPHY, ETC. NOTE
Bibliography, etc. note
يشتمل على ببليوجرافية.
650 #7 - SUBJECT ADDED ENTRY--TOPICAL TERM
Topical term or geographic name entry element
أصول الفقه الإسلامي
Source of heading or term
aucsh
700 12 - ADDED ENTRY--PERSONAL NAME
Relationship information
تحقيق لـ (عمل) :
Personal name
السراج الأرموي، محمود بن أبي بكر بن أحمد،
Dates associated with a name
594-682 هجري.
Title of a work
التحصيل من المحصول
700 12 - ADDED ENTRY--PERSONAL NAME
Relationship information
جمع من (عمل) :
Personal name
الفخر الرازي، محمد بن عمر بن الحسن،
Dates associated with a name
544-606 هجري.
Title of a work
المحصول في علم أصول الفقه
700 1# - ADDED ENTRY--PERSONAL NAME
Personal name
أبو زنيد، عبد الحميد علي،
Dates associated with a name
1941-
Relator term
محقق.
942 ## - ADDED ENTRY ELEMENTS (KOHA)
Source of classification or shelving scheme
Dewey Decimal Classification
Koha item type
Books
Suppress in OPAC
No
949 ## - LOCAL PROCESSING INFORMATION (OCLC)
a
SA-JeALM
d
241231
u
eid123
n
1
Holdings
Withdrawn status
Lost status
Source of classification or shelving scheme
Materials specified (bound volume or other part)
Damaged status
Not for loan
Home library
Current library
Date acquired
Total checkouts
Full call number
Barcode
Date last seen
Price effective from
Koha item type
Dewey Decimal Classification
الجزء الاول
DR AbdElwahab Library
DR AbdElwahab Library
06/27/2025
251 س ر ا
000014995
06/27/2025
06/27/2025
Books
Dewey Decimal Classification
الجزء الثاني
DR AbdElwahab Library
DR AbdElwahab Library
06/27/2025
251 س ر ا
000014996
06/27/2025
06/27/2025
Books
Place hold
Print
Add to your cart
(remove)
Save record
BIBTEX
Dublin Core
MARCXML
MARC (non-Unicode/MARC-8)
MARC (Unicode/UTF-8)
MARC (Unicode/UTF-8, Standard)
MODS (XML)
RIS
ISBD
More searches
Search for this title in:
Other Libraries (WorldCat)
Other Databases (Google Scholar)
Online Stores (Bookfinder.com)
Open Library (openlibrary.org)
Exporting to Dublin Core...
×
Simple DC-RDF
OAI-DC
SRW-DC